Národohospodářské plánování 2

Enregistré dans:
Détails bibliographiques
Auteur principal: Rendl, Václav
Collectivité auteur: Vysoká škola ekonomická v Praze. Národohospodářská fakulta
Format: Livre
Langue:tchèque
Publié: Praha Státní pedagogické nakladatelství 1988
Édition:1. vyd.
Tags: Ajouter un tag
Pas de tags, Soyez le premier à ajouter un tag!

MARC

LEADER 00000nam a2200000 4500
001 c033124
005 20221219085401.4
041 0 |a cze 
044 |a CZ 
245 1 0 |a Národohospodářské plánování 2  |c Václav Rendl a kol. 
250 |a 1. vyd. 
264 1 |a Praha  |b Státní pedagogické nakladatelství  |c 1988 
300 |a 206 s. 
100 1 |a Rendl, Václav 
710 2 |a Vysoká škola ekonomická v Praze. Národohospodářská fakulta